Mehr oder weniger als 10? - Statistiken

Allgemein
  • Dieses Quiz wurde 58 mal gespielt
  • Das Durchschnittsergebnis liegt bei 10 aus 20
Antwortstatistiken
Hint Explanation Antwort % Korrekt
Jahre, die der Bau des Berliner Flughafens (BER) dauerte ca. 14 Jahre mehr
95%
Wie groß ist die Zahl, die diesen Satz vervollstädnigt: Gute N... 8, Gute N8 = Gute Nacht ;) weniger
80%
Alter eines Kindes, das 2012 geboren ist 14 mehr
78%
Nummer Lionel Messis bei Inter Miami 10
65%
Zahl für x: 0= x+ (√25 - 3²) x=4 weniger
65%
Anzahl von Geboten im Dekalog 10
60%
Deutsche Nummer 1 Hits von ABBA in Deutschland 9 weniger
60%
Wie oft die Zahl "hundert Milliarden" die Ziffer 0 besitzt 11mal mehr
58%
Bücher von Caesars "De bello Gallico" 7-8 weniger
56%
Jahr in dem Chanel gegründet wurde 19.... 1913 mehr
51%
Anzahl der Dänischen Kronen, die einem Euro entsprechen 7,47 weniger
49%
Anzahl von Staffeln der Serie "King of Queens" 9 weniger
45%
Anzahl von offiziellen Star Wars Filmen 11 mehr
38%
Lösung dieses Rätsel: Pauline ist doppelt so alt wie Leon. Susanne ist 4 Jahre älter als Pauline und so alt wie Pauline und Leon zusammen. Wie alt ist Susanne? Susanne ist 12. Pauline ist 8 und Leon ist 4 mehr
38%
Anzahl der Ziffer sechs in der nachfolgenden Liste: 99699999966999969996999996969699969996 10
33%
Punkte, die ein Schachspieler, dem beide Türme fehlen, verloren hat Turm= 5 Punkte 10
31%
Die Anzahl des Breitengrades auf dem Caracas liegt 10
24%
Anzahl der Halbtöne in einer Oktave 12 mehr
24%
Jahre die Napoleon an der Macht war ca. 9 3/4 Jahre weniger
22%
Anzahl der Jahre, die seit der Veröffentlichung Zoomanias vergangen sind Zoomania erschien 2016 10
13%
Keine übereinstimmenden Quizze gefunden
Verteilung der Resultate
Anzahl Personen mit jedem Resultat
Perzentil nach korrekt beantworteten Fragen
Ihre Resultats-Entwicklung
Sie haben dieses Quiz noch nicht gespielt